| Tag |
First Indicator |
Second Indicator |
Subfields |
| LEADER |
00000cam a2200000 a 4500 |
| 001 |
in00001220521 |
| 005 |
20151003050310.0 |
| 007 |
he bmb024bbca |
| 008 |
941205s1994 dcua bb f000 0 eng d |
| 010 |
|
|
|a gp 95058621
|
| 035 |
|
|
|a (OCoLC)31613208
|
| 035 |
|
|
|9 AGQ9280AM
|
| 040 |
|
|
|a GPO
|c GPO
|d DLC
|d UtOrBLW
|
| 043 |
|
|
|a n-us---
|
| 074 |
|
|
|a 0042-C (MF)
|
| 086 |
0 |
|
|a A 1.107:684
|
| 100 |
1 |
|
|a Mercier, Stephanie.
|
| 245 |
1 |
4 |
|a The role of quality in corn import decisionmaking /
|c Stephanie A. Mercier.
|
| 264 |
|
1 |
|a [Washington, DC] :
|b U.S. Dept. of Agriculture, Economic Research Service ;
|c [1994]
|
| 264 |
|
2 |
|a Herndon, VA :
|b ERS-NASS [distributor],
|
| 300 |
|
|
|a v, 43 pages :
|b illustrations ;
|c 28 cm.
|
| 336 |
|
|
|a text
|b txt
|2 rdacontent
|
| 337 |
|
|
|a microform
|b h
|2 rdamedia
|
| 338 |
|
|
|a microfiche
|b he
|2 rdacarrier
|
| 490 |
1 |
|
|a Agricultural economic report ;
|v no. 684
|
| 500 |
|
|
|a Cover title.
|
| 500 |
|
|
|a Distributed to depository libraries in microfiche.
|
| 500 |
|
|
|a Shipping list number: 94-0658-M.
|
| 500 |
|
|
|a "June 1994"--P. [i].
|
| 504 |
|
|
|a Includes bibliographical references (pages 32-35).
|
| 533 |
|
|
|a Microfiche.
|b [Washington, D.C.?] :
|c Supt. of Docs., U.S. G.P.O.,
|d [1994]
|e 1 microfiches : negative.
|
| 500 |
|
|
|a Microform.
|
| 650 |
|
0 |
|a Corn
|z United States
|x Quality.
|
| 650 |
|
0 |
|a Corn industry
|z United States.
|
| 710 |
1 |
|
|a United States.
|b Department of Agriculture.
|b Economic Research Service.
|
| 830 |
|
0 |
|a Agricultural economic report ;
|v no. 684.
|
| 999 |
|
|
|a MARS
|
| 999 |
f |
f |
|s 8a4710f9-328e-327d-abd1-eec82b91dfca
|i 52f78a80-5425-354a-857e-a42648961194
|t 0
|
| 952 |
f |
f |
|p normal
|a Texas A&M University
|b College Station
|c Sterling C. Evans Library
|d Evans: US Documents (Annex 5th floor)
|t 0
|e A 1.107: 684
|h Superintendent of Documents classification
|i microform -- microfiche
|m A14818629035
|
| 998 |
f |
f |
|a A 1.107: 684
|t 0
|l Evans: US Documents (Annex 5th floor)
|